| 000 | 01158nam a2200409 a 4500 | ||
|---|---|---|---|
| 003 | AR-BaBNM | ||
| 005 | 20251128203046.0 | ||
| 008 | 082120s2002 ||||||||||||||000 | spa|| | ||
| 040 | _cAR-BaBNM | ||
| 100 | 1 | _aOttaway, A.K.C. | |
| 245 | 0 | 0 |
_aEducación y sociedad _bintroducción a la sociología de la educación |
| 250 | _a2ª ed. rev. | ||
| 260 |
_aBuenos Aires _bKapelusz _c1965 |
||
| 300 | _a230 p. | ||
| 490 | 0 | _aBiblioteca de cultura pedagógica | |
| 504 | _aBibliografía: p. 221-231 | ||
| 650 | 4 | _aSOCIOLOGIA DE LA EDUCACION | |
| 650 | 4 | _aOBJETIVOS EDUCACIONALES | |
| 650 | 4 | _aCIENCIAS SOCIALES | |
| 650 | 4 | _aSOCIEDAD | |
| 650 | 4 | _aCULTURA | |
| 650 | 4 | _aCAMBIO CULTURAL | |
| 650 | 4 | _aDINAMICA DE GRUPO | |
| 650 | 4 | _aCONDUCTA | |
| 650 | 4 | _aESTRUCTURA SOCIAL | |
| 650 | 4 | _aINTERACCION SOCIAL | |
| 650 | 4 | _aPOLITICA SOCIAL | |
| 650 | 4 | _aSOCIEDAD DE MASAS | |
| 650 | 4 | _aSOCIEDAD FUTURA | |
| 650 | 4 | _aCAMBIO SOCIAL | |
| 650 | 4 | _aNECESIDADES EDUCACIONALES | |
| 650 | 4 | _aPAPEL DE LA EDUCACION | |
| 700 | 1 |
_aThomas, Juan Jorge _etraductor |
|
| 700 | 1 |
_aLester Smith, W.O. _eprologuista |
|
| 942 | _cBK | ||
| 998 | _csilvi | ||
| 999 |
_c1700 _d1700 |
||